Normal view
MARC view
- S.M.Mohiuddin Hasan
Entry Personal Name
001 - CONTROL NUMBER
- control field: 3942
003 - CONTROL NUMBER IDENTIFIER
- control field: OSt
005 - DATE AND TIME OF LATEST TRANSACTION
- control field: 20210222111208.0
008 - FIXED-LENGTH DATA ELEMENTS
- fixed length control field: 210222|| aca||aabn | a|a d
040 ## - CATALOGING SOURCE
- Original cataloging agency: OSt
- Transcribing agency: OSt
100 ## - HEADING--PERSONAL NAME
- Personal name: S.M.Mohiuddin Hasan
670 ## - SOURCE DATA FOUND
- Source citation: Work cat.: (OSt)4064: Hasan, S.M.Mohiuddin 3940, Admiralty and Maritime Laws Of Bangladesh, c2009
